Statistics for Државе Јужне Америке

Click here to take the quiz!

General Stats

  • This quiz has been taken 603 times
  • The average score is 11 of 12

Answers on the Map

Answers color-coded by a green-red scale on the quiz's map according to % correct below.
 

Answer Stats

Country% Correct
Бразил
99%
Аргентина
98%
Чиле
97%
Уругвај
95%
Колумбија
91%
Перу
91%
Парагвај
90%
Боливија
88%
Венецуела
87%
Еквадор
82%
Гвајана
67%
Суринам
66%

Score Distribution

Percentile by Number Answered

Percent of People with Each Score

Your Score History

You have not taken this quiz